Obras escogidas José Antonio del Busto : (Registro nro. 280)
[ vista simple ]
| 000 -Cabecera | |
|---|---|
| Campo de control interno | 01343nam a2200229Ia 4500 |
| 005 - Fecha y hora del registro | |
| control field | 20251205091210.0 |
| 008 - Elementos de Longitud Fija | |
| fixed length control field | 251203t2011||||xx |||||||||||||| ||spa|| |
| 020 ## - ISBN | |
| ISBN | 9786123060329 |
| 041 ## - Idioma | |
| Codigo Idioma | ESP |
| 082 ## - DEWEY y NOTACIÓN INTERNA | |
| Dewey | RO 985 |
| Notación Interna | B96 |
| 100 ## - AUTOR | |
| Autor denominación | Busto Duthurburu, José Antonio del, |
| Títulos y otras palabras asociadas con el nombre | AUT |
| 245 #0 - TÍTULO DE MATERIAL BIBLIOGRÁFICO | |
| Título | Obras escogidas José Antonio del Busto : |
| Título paralelo | Tomos 1-16 |
| 250 ## - EDICIÓN | |
| Edición | Primera edición |
| 260 ## - CIUDAD, EDITORIAL, AÑO | |
| Ciudad | Lima : |
| Nombre de la Editorial | Producciones Cantabria, |
| Año | 2011 |
| 300 ## - DESCRIPCIÓN | |
| N° Páginas | 196 páginas : |
| Otros detalles | ilustraciones, fotografías ; |
| Dimensiones | 29 cm. |
| 505 ## - TABLA DE CONTENIDO | |
| Tabla de Contenido | Contiene: Tomo 1. Perú Preincaico; Tomo 2. Perú Incaico; Tomo 3. Los hijos del sol / Túpac Yupanqui, descubridor de Oceanía; Tomo 4. Pizarro, el marqués gobernador; Tomo 5. Historia de los descubrimientos geográficos; Tomo 6. La conquista del Perú; Tomo 7. La pacificación del Perú; Tomo 8. La hueste perulera; Tomo 9. Los trece de la fama / Fundadores de ciudades en el Perú (Siglo XVI); Tomo 10. San Martín de Porras; Tomo 11. Santa Rosa de Lima; Tomo 12. Las artes virreinales; Tomo 13. Compendio de historia del Perú I; Tomo 14. Compendio de historia del Perú II; Tomo 15. Memorias de un historiador; Tomo 16. Breve historia de los negros del Perú; Tres ensayos peruanistas. |
| 650 ## - TEMAS | |
| Temas | Geografía |
| 653 ## - DESCRIPTORES | |
| Lenguajes no controlado | Perú - Historia; Colección |
| 654 ## - PROGRAMAS | |
| Programa | Todos los programas |
| 942 ## - ELEMENTOS DE KOHA | |
| Tipo de documento | Libro |
| Nombre del creador | Justo Noguera |
| Código de catalogador | Margarita Torres |
| Esquema de clasificación | Dewey Decimal Classification |
| Codigo completo | Registro | Colección | Copia número | Disponibilidad | Tipo de préstamo | Biblioteca Actual | Procedencia (Biblioteca) | Ubicacón | Fecha Ingreso | Tipo de Adquisición | Date last seen | Total checkouts | Price effective from | Tipo de Item | Estado del Material | Fuente de Clasificación | Damaged status | Withdrawn status |
|---|---|---|---|---|---|---|---|---|---|---|---|---|---|---|---|---|---|---|
| RO 985 B96 | 1085159 | Colección Vera Bejar | 1 | Restringido | Víctor Andrés Belaunde | Víctor Andrés Belaunde | Planta baja cerrada | 03/12/2025 | Donación | 03/12/2025 | 03/12/2025 | Libro | Bueno | Dewey Decimal Classification | Withdrawn |




